000 01130nam a2200205Ia 4500
999 _c50849
_d50849
001 17804
003 GE_BSU
005 20200224151127.0
008 181216s1959en xx |||||||||||||| ||eng||
040 _cGE_BSU
080 _a353.03(73) P-97
245 _aPublic papers of the presidents of the United States Dwight D. Eisenhower. 1959
_bContaining the Public Message, Speeches, and Statements of the President. January 1 to december 31, 1959
264 _aWashington :
_bUnited States government printing office,
_c1959.
300 _a974 p.:
_bill ;
_c26 cm.
653 _aContaining the Public Message, Speeches, and Statements of the President. January 1 to december 31, 1959
653 _aPublic papers of the presidents of the United States Jimmy Carter 1980-81.
653 _aშეერთებული შტატების პრეზიდენტების დუაიტ დ ეიზენჰაუერის საჯარო ნაშრომები
653 _aსახელმწიფო ადმინისტრაციული მმართველობა
942 _cBK
_2udc